000 00902nam a2200289 i 4500
001 17275
003 ES-MaACL
005 20230906151534.0
007 t|
008 010124s1999 sp |||| | spa j
020 _a84-88676-83-2
080 _a1 Vattimo, Gianni
080 _a17.037
080 _a167/168
100 1 _aOñate, Teresa.
_987109
245 1 3 _aEl retorno griego de lo divino en la postmodernidad
_b: una discusión con la hermenéutica nihilista de Gianni Vattimo /
_cTeresa Oñate.
260 _aMadrid :
_bAlderabán,
_c[1999]
300 _a382 p. ;
_c17 cm.
490 1 _aSileno ;
_v7
600 1 4 _aVattimo, Gianni-
_xCrítica e interpretación.
_9113304
650 1 4 _aNihilismo (Filosofía)
_915540
650 4 _aHermenéutica.
_913329
700 1 _aVattimo, Gianni.
_9113303
830 0 _aSileno ;
_v7
_9180430
852 _aES-MaACL
_jL-24080
999 _c17275
_d17275